000
00237nmm a2200085Ia 4500
008
220120s9999||||xx |||||||||||||||||und||
020
_a
0-07-052929
100
_a
Digit
245
0
_a
August 2011: Video tutorials, firefoxes latest build, Aurora
999
_c
139693
_d
139693